| 000 | 00390cam a22001097a 4500 | ||
|---|---|---|---|
| 008 | 180718b1969 xxu||||| |||| 00| 0 eng d | ||
| 082 | _aR5x42 Un3t/3 | ||
| 245 |
_aCentral training council: third report to the secretary of state _cby Her Majesty's Stationery Office |
||
| 260 |
_aLondon _bHer Majesty's Stationery Office _c1969 |
||
| 300 | _a44p | ||
| 700 | _aU.K. Her Majesty's Stationery Office | ||
| 999 |
_c496067 _d496067 |
||